BUBT Library Online Catalog

The nature of the environment. (Record no. 888)

000 -LEADER
fixed length control field 00693nam a22002417a 4500
008 - FIXED-LENGTH DATA ELEMENTS--GENERAL INFORMATION
fixed length control field 131127b xxu||||| |||| 00| 0 eng d
020 ## - INTERNATIONAL STANDARD BOOK NUMBER
International Standard Book Number 0-6031-10128-7
024 ## - OTHER STANDARD IDENTIFIER
Terms of availability Available
037 ## - SOURCE OF ACQUISITION
Terms of availability Available
040 ## - CATALOGING SOURCE
Original cataloging agency MBSTU LIBRARY
Modifying agency MBSTU LIBRARY
082 ## - DEWEY DECIMAL CLASSIFICATION NUMBER
Edition number 22
Classification number 910.02 GON
100 ## - MAIN ENTRY--PERSONAL NAME
Personal name Goude, Andrew.
245 ## - TITLE STATEMENT
Title The nature of the environment.
250 ## - EDITION STATEMENT
Edition statement 2nd
260 ## - PUBLICATION, DISTRIBUTION, ETC. (IMPRINT)
Place of publication, distribution, etc. Chittagong.
Name of publisher, distributor, etc. Basil Blackwell.
Date of publication, distribution, etc. 1989
300 ## - PHYSICAL DESCRIPTION
Extent 26 cm.
Other physical details 370 page
Type of unit 1
Size of unit 26 cm.
600 ## - SUBJECT ADDED ENTRY--PERSONAL NAME
Source of heading or term The Earth.
650 ## - SUBJECT ADDED ENTRY--TOPICAL TERM
Source of heading or term The Earth..
700 ## - ADDED ENTRY--PERSONAL NAME
Personal name Goude, Andrew.
270 ## - ADDRESS
Address Chittagong.
City Chittagong.
Country Bangladesh.
942 ## - ADDED ENTRY ELEMENTS (KOHA)
Source of classification or shelving scheme
Koha item type Books

No items available.

More Information About Library

Library Hours

  • Open: 9.00 am. to 9.00 pm.
  • Only Sunday: 9.00 am. to 6.00 pm.
  • Closed: Holiday

Contact to the University

Bangladesh University of Business and Technology Library

  • Mirpurl-2, 1216.
  • Phone:
  • Fax:
  • E-Mail: admin.library@bubt.edu.bd

Contact to the Library

Contact Person:

Md. Abdul Hakim Shah
Joint Librarian
PABX No:  113
Cell No: 01816332931
E-mail: official: admin.library@bubt.edu.bd
Personal: hakim.shah@bubt.edu.bd


BUBT Library

Copyright © 2021